Missing Word: 'J' #1s Quiz Stats

 Plays Quiz Updated Dec 12, 2013

Support Sporcle.
Go Orange.
Score 0/15 Timer 03:00
0 Plays Today
Single Title 'J' Word % Correct
Love Theme from Romeo and ____Juliet
98.6%
Hit the Road ____Jack
98%
Hey ____Jude
96.3%
Billie ____Jean
95.8%
____ to the WorldJoy
88.2%
Gettin' ____ With ItJiggy
83.8%
Bennie and the ____Jets
81.9%
Moves Like ____Jagger
81.5%
Single Title 'J' Word % Correct
Me and Mrs. ____Jones
77.7%
____ TalkingJive
60.6%
____ GirlJessie's
58.4%
Ms. ____Jackson
50.7%
____ My LoveJustify
38.7%
____ LadderJacob's
37.8%
Slow ____Jamz
28.4%

Today's Daily Dose

You're not logged in!

Compare scores with friends on all Sporcle quizzes.
OR
Log In
Forgot?

From the Vault

The Sound of Failure

by FearTheManatee

Gaming 16m
You may not want to admit it, but you've probably heard these before... some more than others.
Remove Ads.
Support Sporcle.
Get the best of Sporcle when you Go Orange. This ad-free experience offers more features, more stats, and more fun while also helping to support Sporcle. Thank you for becoming a member.

Show Comments

Extras

Top Quizzes Today


Score Distribution

Your Account Isn't Verified!

In order to create a playlist on Sporcle, you need to verify the email address you used during registration. Go to your Sporcle Settings to finish the process.

Report this User

Report this user for behavior that violates our Community Guidelines.

Details: